01441 2200397 4500001002100000005001500021035002000036007000300056008004100059020002200100100002900122245023700151250003400388300004400422700003700466700002600503700004400529700002600573700002800599700004200627700003300669700003200702264003800734336002100772337003000793338002300823040002200846082001500868084001700883090002200900650004000922850001200962504002500974999002200999990002201021INLIS00000000087550020221121120117 a0010-1122000456ta221121t2022 a g | ind d a978-623-466-100-20 aSiti MaemonahePengarang10aBuku ajar farmakologi /cSiti Maemonah, Fathiya Luthfil Yumni, Meli Diana, Leonard Ardiyanto Sayang Moi, Ade Irawan, Martha Meti Kody, Alfi Maziyah, Antonetha Rosni Hunggumila, Teguh Adiyas Putra, Maria Kareri Hara, Tanty Wulan Dari aCetakan pertama, Agustus 2022 aviii, 262 halaman :bilustrasi ;c20 cm0 aFathiya Luthfil YumniePengarang0 aMeli DianaePengarang0 aLeonard Ardiyanto Sayang MoiePengarang0 aAde IrawanePengarang0 aAlfi MaziyahePengarang0 aAntonetha Rosni HunggumilaePengarang0 aMaria Kareri HaraePengarang0 aTanty Wulan DariePengarang31aSleman :bZahir Publishing,c2022 2rdacontentateks 2rdamediaatanpa perantara 2rdacarrieravolume aYOPDYOGbinderda04223a615.07 a615.07 SIT b aCB-D.11 2022-1793 4aFarmakologi--xStudi dan Pengajaran aYOPDYOG aTermasuk Bibliografi aCB-D.11/2022-1793 aCB-D.11/2022-1793